00321 a2200109 4500001001000000005001700010008004100027245005500068100002600123773004500149999001700194ART_5043620260410162043.0260409a 10aDisminuye la asimetría en las tasas de interés1 aCoronello, Silvina E.0 tImpuestosg- N°64 (nov. 2019)wREV45175 c35076d35076